Psychology / (Record no. 45566)

MARC details
000 -LEADER
fixed length control field 00898cam a22002654a 4500
001 - CONTROL NUMBER
control field 11962244
005 - DATE AND TIME OF LATEST TRANSACTION
control field 20160115123213.0
008 - FIXED-LENGTH DATA ELEMENTS--GENERAL INFORMATION
fixed length control field 000403s2001 njuab b 001 0 eng
010 ## - LIBRARY OF CONGRESS CONTROL NUMBER
LC control number 00038541
020 ## - INTERNATIONAL STANDARD BOOK NUMBER
International Standard Book Number 0130269263
040 ## - CATALOGING SOURCE
Original cataloging agency DLC
Transcribing agency DLC
Modifying agency DLC
042 ## - AUTHENTICATION CODE
Authentication code pcc
050 00 - LIBRARY OF CONGRESS CALL NUMBER
Classification number BF121
Item number .K34 2001
082 00 - DEWEY DECIMAL CLASSIFICATION NUMBER
Classification number 150
Edition number 21
100 1# - MAIN ENTRY--PERSONAL NAME
Personal name Kassin, Saul M.
245 10 - TITLE STATEMENT
Title Psychology /
Statement of responsibility, etc Saul Kassin.
250 ## - EDITION STATEMENT
Edition statement 3rd ed.
260 ## - PUBLICATION, DISTRIBUTION, ETC. (IMPRINT)
Place of publication, distribution, etc Upper Saddle River, N.J. :
Name of publisher, distributor, etc Prentice Hall,
Date of publication, distribution, etc c2001.
300 ## - PHYSICAL DESCRIPTION
Extent xxiii, 740, [82] p. :
Other physical details col. ill., col. map ;
Dimensions 29 cm.
504 ## - BIBLIOGRAPHY, ETC. NOTE
Bibliography, etc Includes bibliographical references (p. R-1-R-44) and indexes.
650 #0 - SUBJECT ADDED ENTRY--TOPICAL TERM
Topical term or geographic name as entry element Psychology.
906 ## - LOCAL DATA ELEMENT F, LDF (RLIN)
a 7
b cbc
c orignew
d 1
e ocip
f 20
g y-gencatlg
942 ## - ADDED ENTRY ELEMENTS (KOHA)
Source of classification or shelving scheme Library of Congress Classification
Item type Book
Holdings
Withdrawn status Lost status Source of classification or shelving scheme Damaged status Not for loan Collection code Home library Current library Shelving location Date acquired Source of acquisition Total Checkouts Full call number Barcode Date last borrowed Copy number Price effective from Koha item type Cost, normal purchase price
    Library of Congress Classification     Non-fiction Nakuru Campus Nakuru Campus General Circulation 15/01/2016 Donation 6 BF121 .K34 2001 045131 29/01/2019 1 15/01/2016 Book  
    Library of Congress Classification     Non-fiction Nakuru Campus Nakuru Campus General Circulation 26/09/2017 Donations- BFA   BF121 .K34 2001 054987   2 26/09/2017 Book 2718.00